000 03637nkm0a2200505 4500
001 RU\NLR\BIBL_A\022640999
005 20251111124513.0
020 _aRU
_b44-2529 (1944, № 3-4)
_9Летопись изоизданий / ВКП. - Москва, 1948. - Вып. 1944, № 3-4. - С. 80
035 _a(NLR Aleph) 022640999
071 5 0 _d8 коп.
090 _a88886
_c88886
100 _a20251009d1944 u y0rusy50 ca
101 0 _arus
102 _aRU
116 _adiycxx zz ae
181 0 _ab4
_bxb2e
182 0 _an
200 1 _aДоверие партии Ленина - Сталина и советского народа оправдаю!
_eвоинское
_e[закрытое письмо]
203 _aИзображение
_bнеподвижное
_bдвухмерное
_bвизуальное
_cнепосредственное
210 _a[Москва]
_cВоениздат НКО
_d[1944
_eМосква]
_gТипогр. газ. "Правда"
215 _a1 л. (слож. вдвое)
_cцв. фотомех. печ.
_d20,5х14,6 (10,4х14,6)
300 _aНа закрытом письме также текст: "Смерть немецким оккупантам!", сведения о заказчике: "По заказу Военкнижторга"
300 _aДата публикации установлена по: Летопись изобразительного искусства. 1944. № 3-4. № 2529
300 _aЦенз. разрешение: Г 532095
300 _aВ вып. дан.: Зак. 1263
309 _aДвойной формуляр, без клеевой полосы
327 0 _aСоветский воин с винтовкой, пожимающий руку партийному руководителю после вступления в ВКП(б), на втором плане автоматчик на фоне знамени; слева на первом плане письменный стол с чернильницей и перьевыми ручками, справа поодаль два воина
601 0 2 _aВКП(б)
_xПрием в партию
_jОткрытки
_2nlr_sh1
_3RU\NLR\AUTH\66625414
606 1 _aПочтовые открытки маркированные художественные
_yСССР
_z1941 - 1945
_2nlr_sh2
_3RU\NLR\AUTH\661531868
606 1 _aКоммунисты-воины Красной армии СССР
_z1941 - 1945
_jОткрытки
_2nlr_sh1
_3RU\NLR\AUTH\661253480
610 1 _aЗакрытые письма
686 1 _aЩ153(2)7-489
712 0 2 _aВоениздат
_cМосква
_3RU\NLR\AUTH\8810147525
_4650
712 0 2 _a"Правда", газета
_cМосква
_bТипография им. Сталина
_3RU\NLR\AUTH\889977807
_4610
712 0 2 _a"Военкнижторг", контора
_cМосква
_3RU\NLR\AUTH\880592869
_4570
830 _aЛетопись изоизданий: техника печати - автотипия дуплекс. АЯ ОЭФ
830 _aПартийный билет ВКП(б) образца 1935 года: http://livinghistory.ru/topic/21839-lichnye-dokumenty-krasnoi-armii/page-4 (10.10.2025). АЯ ОЭФ
830 _aКандидатскя карточка ВКП(б): https://memorial.totma-region.ru/polk/508-shilov-veniamin-aleksandrovich.html (10.10.2025). АЯ ОЭФ
852 0 0 _aNLR
_bЭ
_jО-ЗП-3/1944-14
_mЭот101042
942 _cVISUAL
945 _aРоссийская национальная библиотека
980 _aNB
980 _aBV